Normal view
MARC view
- NAUMAN,ASADULLAH,NOMAN
Entry Personal Name
001 - CONTROL NUMBER
- control field: 71922
003 - CONTROL NUMBER IDENTIFIER
- control field: NUST
005 - DATE AND TIME OF LATEST TRANSACTION
- control field: 20210628204718.0
008 - FIXED-LENGTH DATA ELEMENTS
- fixed length control field: 210628|| aca||aabn | a|a d
040 ## - CATALOGING SOURCE
- Original cataloging agency: NUST
- Transcribing agency: NUST
100 ## - HEADING--PERSONAL NAME
- Personal name: NAUMAN,ASADULLAH,NOMAN
670 ## - SOURCE DATA FOUND
- Source citation: Work cat.: (NUST): NAUMAN,ASADULLAH,NOMAN, PR-SOF-1396-NETFPGA 10G APPLICATION AWARE ROUTER, 2014
